D.W. ride again! / (Record no. 8044)

MARC details
000 -LEADER
fixed length control field 00914nam a22002897a 4500
001 - CONTROL NUMBER
control field 8044
003 - CONTROL NUMBER IDENTIFIER
control field FISKH
005 - DATE AND TIME OF LATEST TRANSACTION
control field 20250819133621.0
008 - FIXED-LENGTH DATA ELEMENTS--GENERAL INFORMATION
fixed length control field 250819b cb ||||| |||| 00| 0 eng d
020 ## - INTERNATIONAL STANDARD BOOK NUMBER
International Standard Book Number 9780316110525
040 ## - CATALOGING SOURCE
Original cataloging agency FISKH
Language of cataloging eng
Transcribing agency FISKH
Modifying agency FISKH
050 ## - LIBRARY OF CONGRESS CALL NUMBER
Classification number PZ7.B81618 D
082 ## - DEWEY DECIMAL CLASSIFICATION NUMBER
Classification number 791.45
100 ## - MAIN ENTRY--PERSONAL NAME
Personal name Brown, Marc
Dates associated with a name (1946–)
245 ## - TITLE STATEMENT
Title D.W. ride again! /
Statement of responsibility, etc. Marc Brown
250 ## - EDITION STATEMENT
Edition statement This edition first published in 1993
260 ## - PUBLICATION, DISTRIBUTION, ETC.
Place of publication, distribution, etc. Canada :
Name of publisher, distributor, etc. LittleBrown,
Date of publication, distribution, etc. 1993
300 ## - PHYSICAL DESCRIPTION
Extent 22 unnumbered pages :
Other physical details color illustrations ;
Dimensions 21 cm
505 ## - FORMATTED CONTENTS NOTE
Formatted contents note G<br/>
520 ## - SUMMARY, ETC.
Summary, etc. D.W. graduates from a tricycle to her first two-wheeler and under Arthur's careful guidance learns the basics of bicycle safety.<br/>
521 8# - TARGET AUDIENCE NOTE
Target audience note 310<br/>
Source Lexile<br/>
521 8# - TARGET AUDIENCE NOTE
Target audience note G<br/>
Source Raz-Plus<br/><br/>
650 ## - SUBJECT ADDED ENTRY--TOPICAL TERM
Source of heading or term Marc Brown
Topical term or geographic name entry element Picture book
650 ## - SUBJECT ADDED ENTRY--TOPICAL TERM
Source of heading or term Bike riding
Topical term or geographic name entry element Training wheels
942 ## - ADDED ENTRY ELEMENTS (KOHA)
Source of classification or shelving scheme Dewey Decimal Classification
Koha item type Books
Suppress in OPAC No
Holdings
Withdrawn status Lost status Source of classification or shelving scheme Damaged status Not for loan Collection Home library Current library Shelving location Date acquired Total Checkouts Full call number Barcode Date last seen Copy number Price effective from Koha item type
    Dewey Decimal Classification     Juvenile Fiction Footprints International School Library Network Toul Tom Poung Campus Footprints International School Library Network Toul Tom Poung Campus TTP Primary Green Bookshelves 08/19/2025   BRO 791.45 PZ7.B81618 D FISBK057019 08/19/2025 1 08/19/2025 Books